000
00353cam a2200157ua 4500
041
_a
hin
_h
082
_a
891.54
_b
NAR/PA
100
_a
Narendra, .
245
_a
Palash Van /
_c
Narendra.
_h
Textual Documents
250
_a
2 /
_b
.
260
_a
:
_b
Bharati Bhandar ,
_c
1946.
300
_a
73 ; .
504
_a
942
_c
BK
999
_c
8244
_d
8244